000 005400000a22001090004500
100 1 _aSalazar, Jorge Iván
245 1 0 _aíAdiós, lunes deprimente! : El escritor norteamericano Kurt Vonnegut
300 _aVol.0, núm.20 (Mayo, 2007), Página 40
520 _aUn hombre que aprendió que el dolor puede siempre ser compensado con el humor negro. Autor de catorce novelas, entre las que no pueden pasarse por alto Matadero 5, Desayuno de campeones y Las sirenas de Titán.
773 0 _tArcadia / Andrés Felipe Solano, Editor
942 _cANA
999 _c62200
_d62200